| 000 | 00491nam a2200169Ia 4500 | ||
|---|---|---|---|
| 003 | OSt | ||
| 005 | 20200612121112.0 | ||
| 008 | 190216s9999||||xx |||||||||||||| ||und|| | ||
| 020 | _a8185557446 | ||
| 040 | _coclc | ||
| 082 |
_a181.07 _bSHA/H |
||
| 100 |
_aSharif, M M _92833 |
||
| 245 | 0 |
_aA History Of Muslim Philosophy Vol 2 / _cM M Sharif |
|
| 260 |
_bLow Price Publications, _c1993. _a Delhi: |
||
| 300 | _a1792p | ||
| 942 |
_cBK _2ddc _h181.07 _iSHA/H _k181.07 _mSHA/H |
||
| 999 |
_c20427 _d20427 |
||